MARC
|
|
|
|
| LEADER |
00000nam0a2200000 4500 |
| 001 |
318732 |
| 005 |
20231102003116.0 |
| 035 |
|
|
|a (RuTPU)RU\TPU\book\344233
|
| 035 |
|
|
|a RU\TPU\book\88638
|
| 090 |
|
|
|a 318732
|
| 100 |
|
|
|a 20160504d1960 k y0rusy50 ca
|
| 101 |
0 |
|
|a rus
|
| 102 |
|
|
|a RU
|
| 105 |
|
|
|a a z 001zy
|
| 200 |
1 |
|
|a Математические методы в химической технике
|f Л. М. Батунер, М. Е. Позин
|g под ред. М. Е. Позина
|
| 205 |
|
|
|a 3-е изд., перераб. и доп.
|
| 210 |
|
|
|a Ленинград
|c Химия
|d 1960
|
| 215 |
|
|
|a 639 с.
|c ил.
|e черт.
|
| 320 |
|
|
|a Библиогр.: с. 615-617
|
| 606 |
1 |
|
|a Химическая технология
|x Математические методы
|2 stltpush
|3 (RuTPU)RU\TPU\subj\30946
|9 53948
|
| 610 |
1 |
|
|a химическая техника
|
| 610 |
1 |
|
|a численные методы
|
| 610 |
1 |
|
|a химия
|
| 610 |
1 |
|
|a химическая техника
|
| 675 |
|
|
|a 66.011
|v 4
|
| 700 |
|
1 |
|a Батунер
|b Л. М.
|g Лев Менделевич
|
| 701 |
|
1 |
|a Позин
|b М. Е.
|g Макс Ефимович
|
| 702 |
|
1 |
|a Позин
|b М. Е.
|4 340
|
| 801 |
|
1 |
|a RU
|b 63413507
|c 20041102
|g PSBO
|
| 801 |
|
2 |
|a RU
|b 63413507
|c 20171101
|g PSBO
|
| 942 |
|
|
|c BK
|